000
00288nam a22001217a 4500
008
101122s2011 nyua e b 001 0 eng
020
_a
9780071762755
020
_a
0071762752
041
0
_a
eng
080
_a
17.01
_x
(075.8)
245
1
0
_a
Ethics demystified /
_c
Micah Newman.
942
_2
udc
_c
BK
999
_c
403
_d
403